Hockey Positions - Statistics

General Stats
  • This quiz has been taken 55 times
  • The average score is 3 of 11
Answer Stats
Answer % Correct
Left Wing
100%
Right Wing
100%
Goalkeeper
40%
Left Back
17%
Right Back
17%
Centre Forward
9%
Left Half
9%
Right Half
9%
Centre Half
6%
Inside Left
6%
Inside Right
6%
No matching quizzes found
Score Distribution
Percent of People with Each Score
Percentile by Number Answered
Your Score History
You have not taken this quiz